Nascar Drivers By Random Image - Statistics

General Stats
  • This quiz has been taken 89 times
  • The average score is 18 of 24
Answer Stats
Picture Answer % Correct
Kyle Busch
100%
Denny Hamlin
99%
Tony Stewart
96%
Kyle Larson
94%
Kurt Busch
92%
Dale Earnhardt
91%
Ross Chastain
90%
Clint Bowyer
87%
Joey Logano
87%
Brad Keselowski
86%
Carl Edwards
82%
Jaun Pablo Montoya
78%
Ryan Preece
78%
Ricky Stenhouse Jr.
75%
Aj Allmendinger
73%
Noah Gragson
71%
Darrel Waltrip
65%
Bill Elliott
62%
Grant Enfinger
56%
Austin Hill
55%
Mike Harmon
53%
Brandon Brown
45%
Landon Cassil
44%
Ben Rhodes
43%
No matching quizzes found
Score Distribution
Percent of People with Each Score
Percentile by Number Answered
Your Score History
You have not taken this quiz